| 000 | 00415nam a2200169Ia 4500 | ||
|---|---|---|---|
| 008 | 241115s9999 xx 000 0 und d | ||
| 020 | _a978-0-07-059374-9 | ||
| 082 | _a004 NOR | ||
| 100 | _aNorton, Peter | ||
| 245 | 0 | _aIntroduction To Computers | |
| 250 | _a6th ed. | ||
| 260 |
_a: _bMcGraw Hill, _c1996 |
||
| 300 | _axxviii,656p. | ||
| 600 | _aComputer Science | ||
| 650 | _aComputer Science | ||
| 942 | _cBBD | ||
| 999 |
_c25794 _d25794 |
||